000
00279nam a22001337a 4500
008
171127b xxu||||| |||| 00| 0 eng d
020
_a
9780195173994
041
_a
eng
080
_a
94
100
_a
17
101
_a
HIS
245
_a
OVER HERE
_c
KENNEDY,D.M
942
_2
udc
_c
BK
999
_c
38542
_d
38542